00273 a2200121 4500001000700000020000600007040001100013100002200024240004500046245004000091362000900131440001100140169143 a  cMagnum aGil-Perez, Daniel10aFormacao de professores de cienciaslpor10aFormacao de professores de ciencias0 a1899 1aCortez